50 Biggest Places In Wisconsin - Statistics

General Stats
  • This quiz has been taken 13 times
    11 since last reset
  • The average score is 35 of 50
Answer Stats
First Letter County(s) Population Answer % Correct
A Outagamie, Calumet, and Winnebago 75,644 Appleton
100%
E Eau Claire, and Chippewa 69,421 Eau Claire
100%
F Fond Du Lac 44,678 Fond Du Lac
100%
G Brown 107,395 Green Bay
100%
J Rock 65,615 Janesville
100%
K Kenosha 99,986 Kenosha
100%
L La Crosse 52,680 La Crosse
100%
M Dane 269,840 Madison
100%
M Manitowoc 34,626 Manitowoc
100%
M Milwaukee 577,222 Milwaukee
100%
O Winnebago 66,816 Oshkosh
100%
R Racine 77,816 Racine
100%
S Sheboygan 49,929 Sheboygan
100%
S Milwaukee 20,795 South Milwaukee
88%
W Waukesha 71,158 Waukesha
88%
W Marathon 39,994 Wausau
88%
W Milwaukee 48,387 Wauwatosa
88%
D Brown 25,410 De Pere
75%
M Waukesha 38,527 Menomonee Falls
75%
N Winnebago 27,319 Neenah
75%
N Waukesha 40,451 New Berlin
75%
W Milwaukee 60,325 West Allis
75%
A Brown 16,991 Ashwaubenon
63%
B Rock 36,657 Beloit
63%
C Milwaukee 18,204 Cudahy
63%
G Milwaukee 37,803 Greenfield
63%
M Winnebago, and Calumet 18,268 Menasha
63%
M Dane 21,827 Middleton
63%
M Racine 27,732 Mount Pleasant
63%
O Milwaukee 36,497 Oak Creek
63%
O La Crosse 18,803 Onalaska
63%
P Kenosha 21,250 Pleasant Prairie
63%
S Portage 25,666 Stevens Point
63%
S Dane 35,967 Sun Prairie
63%
S Douglas 26,751 Superior
63%
W Washington 31,752 West Bend
63%
B Waukesha 41,464 Brookfield
50%
F Dane 29,609 Fitchburg
50%
F Milwaukee 36,816 Franklin
50%
G Washington 20,917 Germantown
50%
H Brown, and Outagamie 19,950 Howard
50%
M Ozaukee 25,142 Mequon
50%
M Waukesha 25,032 Muskego
50%
W Wood 18,877 Wisconsin Rapids
50%
C Racine 25,361 Caledonia
38%
K Outagamie 17,089 Kaukauna
38%
M Wood, and Marathon 18,929 Marshfield
38%
O Waukesha 18,203 Oconomowoc
38%
W Jefferson, and Dodge 22,926 Watertown
38%
F Winnebago 18,974 Fox Crossing
25%
No matching quizzes found
Score Distribution
Percent of People with Each Score
Percentile by Number Answered
Your Score History
You have not taken this quiz since the last reset